000 00579cam a22002053a 4500
001 42320
003 PGUSA
005 20140828083944.0
008 130313s2013||||xxu|||||s|||||000 | eng d
040 _aPGUSA
_beng
042 _adc
100 1 _aBrame, Charlotte M.,
_d1836-1884
245 1 4 _aThe Shadow of a Sin
_h[electronic resource] /
_cCharlotte M. Brame
260 _bProject Gutenberg,
_c2013
506 _aPublic domain in the USA.
516 _aElectronic text
830 0 _aProject Gutenberg
_v42320
856 4 0 _uhttp://www.gutenberg.org/ebooks/42320
942 _cEB
999 _c271572
_d271572